000 00438cam a2200181ua 4500
001 4354
008 111224n ii |||gr||||Z||||||eng
040 _cMAIN
082 _a294.592
100 _aGhai, O. P.,
245 1 1 _aUnity in diversity
_cby O. P. Ghai
250 _a1986.
260 _aNew Delhi:
_bSterling publishers pvt. ltd.,986.
300 _a132p:
_c23cm.
653 _aUnity in diversity
653 _aReligion
942 _cBK
999 _c4170
_d4170